Normal view
MARC view
- Ye, Junrong,
Entry Personal Name
001 - CONTROL NUMBER
- control field: 125131
003 - CONTROL NUMBER IDENTIFIER
- control field: TR-AnTOB
005 - DATE AND TIME OF LATEST TRANSACTION
- control field: 20190703171908.0
008 - FIXED-LENGTH DATA ELEMENTS
- fixed length control field: 010919n| azannaabn |b aaa
010 ## - LIBRARY OF CONGRESS CONTROL NUMBER
- LC control number: n 2001051499
- Canceled/invalid LC control number: no 97047439
035 ## - SYSTEM CONTROL NUMBER
- System control number: (OCoLC)oca05586689
040 ## - CATALOGING SOURCE
- Original cataloging agency: DLC
- Language of cataloging: eng
- Description conventions: rda
- Transcribing agency: DLC
- Modifying agency: OCoLC
- Modifying agency: DLC
- Modifying agency: MiU-L
046 ## - SPECIAL CODED DATES
- Birth date: 1958
- Source of date scheme: edtf
100 1# - HEADING--PERSONAL NAME
- Personal name: Ye, Junrong,
- Dates associated with a name: 1958-
372 ## - FIELD OF ACTIVITY
- Field of activity: Environmental law
- Field of activity: Constitutional law
- Field of activity: Administrative law
- Source of term: lcsh
373 ## - ASSOCIATED GROUP
- Associated group: Guo li Taiwan da xue. Fa xue yuan
- Source of term: naf
374 ## - OCCUPATION
- Occupation: Law teachers
- Source of term: lcsh
400 1# - SEE FROM TRACING--PERSONAL NAME
- Personal name: 叶俊荣,
- Dates associated with a name: 1958-
400 1# - SEE FROM TRACING--PERSONAL NAME
- Personal name: 葉俊榮,
- Dates associated with a name: 1958-
400 1# - SEE FROM TRACING--PERSONAL NAME
- Control subfield: nnea
- Personal name: Yeh, Jiunn-rong
400 1# - SEE FROM TRACING--PERSONAL NAME
- Personal name: Yeh, Jiunn-rong,
- Dates associated with a name: 1958-
670 ## - SOURCE DATA FOUND
- Source citation: Quan qiu huan jing yi ti, 1999:
- Information found: t.p. (葉俊榮 = Ye Junrong)
670 ## - SOURCE DATA FOUND
- Source citation: RLIN ONTG96-B279:
- Information found: (hdg. Ye, Junrong, 1958-)
670 ## - SOURCE DATA FOUND
- Source citation: The second generation of environmental regulation, 1988:
- Information found: t.p. (Jiunn-rong Yeh; Yale Law School, J.S.D.)
670 ## - SOURCE DATA FOUND
- Source citation: Constitutional courts in context, 2015:
- Information found: t.p. (Jiunn-rong Yeh) p. xi (University Chair Professor at National Taiwan University College of Law. He previously has served as a Minister in the Taiwanese Government and Vice-Dean of his College, and also taught at many overseas universities. His teaching and research focuses are primarily on comparative constitutional law, environmental law and administrative law. He has published widely in both Chinese and English)
670 ## - SOURCE DATA FOUND
- Source citation: National Taiwan University College of Law web site, viewed January 2, 2019:
- Information found: (葉俊榮 = Ye Junrong; Jiunn-rong Yeh; full-time professor)



